000 00420nam a2200181Ia 4500
005 20240823063016.0
008 240823s9999||||xx |||||||||||||| ||und||
041 _aENGLISH
082 _A629.8312 P0
100 _aNagoor Kani.A
245 0 _aControl Systems
250 _aIst
260 _bRBA Public
_aChennai
500 _aTransfered
650 _aElectronics
_bInstrumentation
942 _cBK
999 _c237233
_d237233